| 000 | 01189nam a22003377a 4500 | ||
|---|---|---|---|
| 003 | CHAP | ||
| 005 | 20220329135949.0 | ||
| 008 | 971013s1986 r 00010 d | ||
| 010 | _a44814 | ||
| 011 | _a45786 | ||
| 035 | _a49925 | ||
| 040 | _cCHAP | ||
| 090 | _aTesis | ||
| 100 | 0 | 0 |
_aRamos Quiroga, Rogelio. _994478 |
| 245 | _aEstimación de P (X T) en la distribución pareto mediante métodos bayesianos empíricos | ||
| 260 |
_aChapingo, Méx. : _bEl autor, _c1986 |
||
| 300 |
_a61 h. _b: ilus. |
||
| 502 | _aTesis (M. C. Esp. en Estadística Experimental) -- Colegio de Postgraduados. Centro de Estadística y Cálculo | ||
| 590 |
_aALEPH _b10 _c20130110 _lUCH01 _h1314 |
||
| 590 |
_aBATCH-UPD _b10 _c20130110 _lUCH01 _h0257 |
||
| 590 |
_aBATCH-UPD _b10 _c20130110 _lUCH01 _h1444 |
||
| 590 |
_aBATCH-UPD _b10 _c20130409 _lUCH01 _h2329 |
||
| 590 |
_aBATCH-UPD _b10 _c20130914 _lUCH01 _h1326 |
||
| 590 |
_aCONVERSION _b10 _c20130109 _lUCH01 _h1325 |
||
| 650 | 1 | 4 |
_aEstimación, teoría de la. _938311 |
| 650 | 1 | 4 |
_aTeoría bayesiana. _9112306 |
| 901 | _aBK | ||
| 942 | _cFOLL | ||
| 949 |
_bBC _cTES _d-112442 _eTS1 _h18673 _i49925 _si |
||
| 949 |
_bBC _cTES _d-112443 _eTS2 _fc.2 _h18674 _i49925 _si |
||
| 999 |
_c44814 _d44814 |
||